000 00505nam a2200181Ia 4500
005 20250508150833.0
008 008 250505s9999 xx 000 0 eng d
037 _aTextual
040 _aFEDL
_beng
_cFEDL
041 _aeng
_2eng
084 _a371.94, PEA
_qFEDL
100 _aPearson Gerald H J
245 0 _aEmotional disorders of children
260 _aLondon, UK
_bGeorge Allen and Unwin Ltd.
_c1951
300 _a368p
942 _cTEXL
_h371.94, PEA
999 _c1325976
_d1325976